Normal view
MARC view
- Akhtar, Ahmad Naeem
Entry Personal Name
001 - CONTROL NUMBER
- control field: 124450
003 - CONTROL NUMBER IDENTIFIER
- control field: NUST
005 - DATE AND TIME OF LATEST TRANSACTION
- control field: 20240711150959.0
008 - FIXED-LENGTH DATA ELEMENTS
- fixed length control field: 240711|| aca||aabn | a|a d
040 ## - CATALOGING SOURCE
- Original cataloging agency: NUST
- Transcribing agency: NUST
100 ## - HEADING--PERSONAL NAME
- Personal name: Akhtar, Ahmad Naeem
670 ## - SOURCE DATA FOUND
- Source citation: Work cat.: (NUST): Akhtar, Ahmad Naeem, Spectrum Decision Support Framework For Cognitive Radio Networks/
